Louane - Maman (Paroles) - Statistiques

Statistiques générales
  • Ce quiz a été pris 256 fois
  • Le résultat moyen est 138 sur 192
Statistiques - réponses
Paroles % Correct
ma
99%
maman
93%
Le
91%
le
91%
pas
90%
a
89%
à
89%
À
89%
de
89%
Les
85%
les
85%
Dans
84%
dans
84%
la
83%
J'ai
82%
j'ai
82%
est
80%
tête,
80%
fil
79%
bien
78%
fête,
78%
en
77%
Regarde
77%
se
77%
ta
76%
Comme
75%
comme
75%
goût
75%
fille
74%
J'suis
74%
perdu
74%
passent
73%
faite,
71%
amants
70%
des
70%
Des
70%
Tout
70%
au
68%
sur
68%
amours
66%
cette
66%
Cette
66%
lits
66%
parkings
66%
quête,
66%
un
66%
indélébiles
65%
j'trouve
64%
J'trouve
64%
Pour
64%
printemps
64%
coups
63%
recommencera
63%
d'sens
62%
nous
62%
coeur
61%
haut
61%
hôtels,
61%
mélancolie
60%
métros
60%
oiseau
60%
sous
60%
blues,
59%
59%
regardent
59%
toute
59%
barreaux
58%
gratte-ciels
58%
grattes-ciel
58%
mauvaise
58%
mine
57%
fuir
56%
Sauf
56%
villes
56%
s'entassent
53%
même
52%
l'heure
51%
remplissent
51%
rêves
51%
bars
50%
coeurs
44%
heure
44%
vident
42%
promesses
40%
qu'elles
38%
tissent
38%
Aussi
37%
vite
36%
dilapident
33%
Ces
32%
nuits
30%
Aucun quiz correspondant
Distribution des résultats
% des personnes avec chaque résultat
Percentile par nombre de réponses
Votre historique - résultats
Vous n’avez pas pris ce quiz